| 000 | 00938nas a2200289 4500 | ||
|---|---|---|---|
| 001 | BR2011002094 | ||
| 003 | BR-BrBNA | ||
| 005 | 20231205114552.0 | ||
| 007 | ta | ||
| 008 | 230509b bl.|||p| |||| 00| 00por d | ||
| 040 |
_aBR-BrBNA _bpor _cBiblioteca Nacional de Agricultura |
||
| 041 | _a(Pt) | ||
| 072 | _aK10 | ||
| 100 | 1 | _aWerner, E.T. | |
| 100 | 1 | _aMilanez, C.R.D. | |
| 100 | 1 | _aMengarda, L.H.G. | |
| 100 | 1 | _aVendrame, W.A. | |
| 100 | 1 | _aCuzzuol, G.R.F. | |
| 245 | 1 | _aMeios de cultura, reguladores de crescimento e fontes de nitrogênio na regulação da calogênese do pau-brasil (Caesalpinia echinata Lam.) | |
| 650 | _aPAU BRASIL | ||
| 650 | _aREGULADOR DE CRESCIMENTO | ||
| 650 | _aMEIO DE CULTURA | ||
| 650 | _aCALOGENIO | ||
| 773 | 0 |
_tActa Botanica Brasilica (Brazil) _xISSN 0102-3306 _g(Oct-Dec 2010), v. 24(4) p. 1046-1051 _wBR2011002094 |
|
| 909 |
_a202311 _bLúcia _c55 _dLúcia Elande |
||
| 942 |
_2AGRIS _n0 _cANA |
||
| 999 |
_c209364 _d209364 |
||